Music Quiz

Random Music Quiz

One direction Trivia and lyrics Quiz Stats

 Plays Quiz not verified by Sporcle

Support Sporcle.
Go Orange.
Score 0/40 Timer 15:00
0 Plays Today
% Correct
Harry.
85.7%
Niall.
81%
Louis.
79.4%
Up all night.
19.6%
James.
14.8%
James.
14.8%
Edward.
14.8%
Spoons.
13.2%
William.
13.2%
Jawaad.
12.7%
Larry Stylinson.
10.1%
Stand.
7.9%
Nandos.
7.9%
12th January.
5.8%
13th September.
5.8%
24th December
5.8%
Cats.
5.8%
29th August.
5.3%
1st February.
5.3%
United Kingdom.
4.8%
% Correct
2010.
4.8%
Toms.
3.7%
Kissed.
3.2%
Michael.
3.2%
Will you marry me.
3.2%
Stole my heart.
3.2%
Getting naked.
3.2%
Water or Roller Coasters.
2.6%
Makes, Beautiful.
2.1%
Screwed.
2.1%
Tattoos.
2.1%
Around the neck.
2.1%
In the cheek.
2.1%
On the forehead.
2.1%
On the cheek.
2.1%
Zayn, Liam, Harry, Louis, Niall.
2.1%
Onesies.
2.1%
Innocence.
1.6%
On the lips.
1.6%
Muslim.
1.6%

You're not logged in!

Compare scores with friends on all Sporcle quizzes.
OR
Log In

From the Vault

Find the Quadrilaterals

by eon

To get 100%, all you have to be able to do is count to 4 and click like heck!
Remove Ads.
Support Sporcle.
Get the best of Sporcle when you Go Orange. This ad-free experience offers more features, more stats, and more fun while also helping to support Sporcle. Thank you for becoming a member.

Show Comments

Extras

Created Mar 18, 2012ReportNominate
Tags:direction, One Direction

Top Quizzes Today


Score Distribution

Your Account Isn't Verified!

In order to create a playlist on Sporcle, you need to verify the email address you used during registration. Go to your Sporcle Settings to finish the process.

Report this User

Report this user for behavior that violates our Community Guidelines.

Details: